[Event "GER-ch Net Amateur Gr-A Vor2"]
[Site "Playchess.com INT"]
[Date "2020.04.15"]
[Round "2"]
[White "Eichner, Christian"]
[Black "Jacob, Tobias"]
[Result "0-1"]
[WhiteElo "1681"]
[BlackElo "1916"]
[PlyCount "64"]
[EventDate "2020.04.15"]
[EventType "swiss (blitz)"]
[EventRounds "9"]
[EventCountry "GER"]
[SourceTitle "CBM 196 Extra"]
[Source "ChessBase"]
[SourceDate "2020.07.31"]
[SourceVersion "1"]
[SourceVersionDate "2020.07.31"]
[SourceQuality "1"]

1. e4 c5 2. Nf3 d6 3. Bb5+ Nd7 4. a4 a6 5. Bc4 g6 6. 0-0 Bg7 7. Ng5 e6 8. f4 h6 9. Nf3 Rb8 10. Qe2 Ne7 11. Nc3 0-0 12. d3 Qc7 13. Bd2 Nc6 14. Kh1 Nd4 15. Nxd4 cxd4 16. Na2 b5 17. axb5 axb5 18. Bb3 Nc5 19. Nc1 Bb7 20. Bb4 Ra8 21. Rxa8 Rxa8 22. f5 Nxb3 23. Nxb3 exf5 24. exf5 Be5 25. fxg6 fxg6 26. Qg4 Kg7 27. c3 dxc3 28. bxc3 Ra2 29. Rg1 Rb2 30. d4 Bf6 31. Nc1 Bg5 32. Nd3 Rd2 0-1

[Event "GER-ch Net Amateur Gr-A Vor2"]
[Site "Playchess.com INT"]
[Date "2020.04.15"]
[Round "7"]
[White "Hoffmann, Hendrik"]
[Black "Jacob, Tobias"]
[Result "1-0"]
[WhiteElo "2152"]
[BlackElo "1916"]
[PlyCount "43"]
[EventDate "2020.04.15"]
[EventType "swiss (blitz)"]
[EventRounds "9"]
[EventCountry "GER"]
[SourceTitle "CBM 196 Extra"]
[Source "ChessBase"]
[SourceDate "2020.07.31"]
[SourceVersion "1"]
[SourceVersionDate "2020.07.31"]
[SourceQuality "1"]

1. e4 c5 2. Nf3 d6 3. d4 cxd4 4. Nxd4 Nf6 5. Nc3 a6 6. Bg5 Nbd7 7. f4 b5 8. Qf3 Bb7 9. 0-0-0 b4 10. Nd5 Qa5 11. Bc4 Rc8 12. Bb3 Nc5 13. Bxf6 gxf6 14. Kb1 Nxb3 15. axb3 Rc5 16. Nf5 Rg8 17. Rhe1 Qd8 18. e5 Qa8 19. Nxf6+ exf6 20. exd6+ Kd8 21. Qe3 Bxd6 22. Qxc5 1-0

[Event "GER-ch Net Amateur Gr-A Vor2"]
[Site "Playchess.com INT"]
[Date "2020.04.15"]
[Round "4"]
[White "Jacob, Tobias"]
[Black "King, Alexander"]
[Result "1-0"]
[WhiteElo "1916"]
[BlackElo "2085"]
[PlyCount "141"]
[EventDate "2020.04.15"]
[EventType "swiss (blitz)"]
[EventRounds "9"]
[EventCountry "GER"]
[SourceTitle "CBM 196 Extra"]
[Source "ChessBase"]
[SourceDate "2020.07.31"]
[SourceVersion "1"]
[SourceVersionDate "2020.07.31"]
[SourceQuality "1"]

1. e4 c6 2. d4 d5 3. exd5 cxd5 4. Bd3 Nc6 5. c3 Nf6 6. Bf4 Bg4 7. Qb3 Qc8 8. Nd2 e6 9. Ngf3 Be7 10. 0-0 Bh5 11. a4 0-0 12. Rfe1 Bg6 13. Bxg6 hxg6 14. Ng5 a6 15. Ndf3 Na5 16. Qd1 Nc4 17. Qe2 Nd6 18. Ne5 Nde4 19. Nxe4 dxe4 20. Bg3 Qd8 21. Nc4 Rc8 22. Nd2 Qb6 23. Reb1 Qc6 24. Be5 Rfd8 25. Bxf6 Bxf6 26. Qxe4 Rd5 27. Nf3 Qc7 28. Re1 b5 29. axb5 axb5 30. Rac1 Qa5 31. Ne5 Bxe5 32. dxe5 Qa2 33. Re2 Rc4 34. Qe3 Qb3 35. Ra1 Rc8 36. g3 Rcd8 37. h4 Qc4 38. Ra6 Rd1+ 39. Kh2 Qd5 40. f3 Rd3 41. Qe4 Rxf3 42. Qxd5 Rxd5 43. Rb6 Rfd3 44. Kg2 Kf8 45. Kf2 Ke7 46. Rb7+ Ke8 47. Rb8+ Rd8 48. Rxb5 Rd1 49. Rc2 Rh1 50. Kg2 Rdd1 51. Rb8+ Kd7 52. Rb7+ Kc6 53. Rxf7 Rdg1+ 54. Kf3 Rf1+ 55. Rf2 Re1 56. Rxg7 Rxe5 57. Rxg6 Rhe1 58. Kg4 R1e4+ 59. Rf4 Re2 60. h5 Rxb2 61. h6 Rh2 62. Rff6 Kd6 63. c4 Re4+ 64. Rf4 Re3 65. Rff6 Rg2 66. Kh4 Rh2+ 67. Kg5 Rxg3+ 68. Kf4 Rxg6 69. Rxg6 Ke7 70. Ke5 Rxh6 71. Rxh6 1-0

[Event "GER-ch Net Amateur Gr-A Vor2"]
[Site "Playchess.com INT"]
[Date "2020.04.15"]
[Round "5"]
[White "Mohammadi Nia, Borna"]
[Black "Jacob, Tobias"]
[Result "0-1"]
[WhiteElo "2103"]
[BlackElo "1916"]
[PlyCount "78"]
[EventDate "2020.04.15"]
[EventType "swiss (blitz)"]
[EventRounds "9"]
[EventCountry "GER"]
[SourceTitle "CBM 196 Extra"]
[Source "ChessBase"]
[SourceDate "2020.07.31"]
[SourceVersion "1"]
[SourceVersionDate "2020.07.31"]
[SourceQuality "1"]

1. e4 c5 2. Nf3 d6 3. d4 cxd4 4. Nxd4 Nf6 5. Nc3 a6 6. Be2 e6 7. Be3 b5 8. f4 b4 9. Na4 Nxe4 10. Bf3 Bb7 11. Qd3 d5 12. 0-0-0 Qa5 13. Bxe4 dxe4 14. Nb3 exd3 15. Nxa5 Bxg2 16. Rhg1 dxc2 17. Rd2 Be4 18. Bb6 Nd7 19. Re1 f5 20. Bf2 Rc8 21. Rxd7 Kxd7 22. Nb6+ Kc7 23. Nxc8 Kxc8 24. Nc4 Be7 25. Nd2 Bd5 26. Kxc2 Kb7 27. Bd4 Rc8+ 28. Kd3 g5 29. fxg5 Bxg5 30. b3 Bf4 31. Rg1 e5 32. Rg7+ Rc7 33. Rxc7+ Kxc7 34. Be3 Bxe3 35. Kxe3 Kd6 36. Nf1 f4+ 37. Kf2 e4 38. h3 Ke5 39. Nh2 h5 0-1

[Event "GER-ch Net Amateur Gr-A Vor1"]
[Site "Playchess.com INT"]
[Date "2020.04.14"]
[Round "7"]
[White "Jacob, Tobias"]
[Black "Lu, Yunong Elias"]
[Result "1-0"]
[WhiteElo "1909"]
[BlackElo "1698"]
[PlyCount "131"]
[EventDate "2020.04.14"]
[EventType "swiss (blitz)"]
[EventRounds "9"]
[EventCountry "GER"]
[SourceTitle "EXT 2021"]
[Source "ChessBase"]
[SourceDate "2020.10.23"]
[SourceVersion "1"]
[SourceVersionDate "2020.10.23"]
[SourceQuality "1"]

1. e4 c5 2. Nf3 d6 3. d4 cxd4 4. Nxd4 Nf6 5. Nc3 a6 6. Be3 Ng4 7. Bg5 h6 8. Bh4 g5 9. Bg3 Bg7 10. Be2 h5 11. h4 gxh4 12. Rxh4 Nc6 13. Nf5 Bxf5 14. exf5 Bxc3+ 15. bxc3 Nf6 16. Bf3 Qa5 17. Qd2 Qxf5 18. Rb1 Qd7 19. Kf1 Rd8 20. c4 Rc8 21. Bf4 Ne5 22. Bxb7 Rb8 23. Qb4 Nxc4 24. Bg5 Ne5 25. Rb3 Nd5 26. Bxd5 Rxb4 27. Rbxb4 0-0 28. Rxh5 Qg4 29. Rxg4 Nxg4 30. Bxe7 Re8 31. Rg5+ Kh7 32. Be4+ Kh6 33. Rxg4 Rxe7 34. Bd3 Rb7 35. Rd4 Rb1+ 36. Ke2 Rb6 37. Rd5 Kg7 38. Ra5 Rc6 39. Rxa6 Rc5 40. Rxd6 Re5+ 41. Kd2 Kf8 42. a4 Ra5 43. Bb5 Ke7 44. Rb6 Ra8 45. Rb7+ Kf6 46. c4 Ke5 47. Kc3 f5 48. Re7+ Kd6 49. Re8 Ra7 50. Kb4 f4 51. c5+ Kd5 52. Rd8+ Ke6 53. Bc4+ Ke7 54. Rd4 Rb7+ 55. Bb5 f3 56. gxf3 Ke6 57. c6 Rc7 58. Kc5 Ke5 59. Re4+ Kf5 60. Kb6 Rh7 61. Bd3 Ra7 62. Kxa7 Kf6 63. c7 Kg5 64. c8Q Kf6 65. Qf8+ Kg5 66. Rg4+ 1-0

[Event "GER-ch Net Amateur Gr-A Vor1"]
[Site "Playchess.com INT"]
[Date "2020.04.14"]
[Round "9"]
[White "Noldt, Torsten"]
[Black "Jacob, Tobias"]
[Result "0-1"]
[WhiteElo "1628"]
[BlackElo "1887"]
[PlyCount "86"]
[EventDate "2020.04.14"]
[EventType "swiss (blitz)"]
[EventRounds "9"]
[EventCountry "GER"]
[SourceTitle "EXT 2021"]
[Source "ChessBase"]
[SourceDate "2020.10.23"]
[SourceVersion "1"]
[SourceVersionDate "2020.10.23"]
[SourceQuality "1"]

1. Nf3 g6 2. g3 Bg7 3. Bg2 d6 4. d4 Nf6 5. 0-0 0-0 6. Bf4 Nc6 7. c3 Ne4 8. Nbd2 Bf5 9. Nh4 Nxd2 10. Qxd2 Bd7 11. e4 e5 12. Be3 f5 13. Bg5 Bf6 14. Bxf6 Qxf6 15. exf5 g5 16. Nf3 g4 17. Nh4 exd4 18. cxd4 Nxd4 19. Bxb7 Rab8 20. Bd5+ Kg7 21. b3 c5 22. Kh1 Bxf5 23. Nxf5+ Qxf5 24. Bc4 Qe4+ 25. f3 Nxf3 26. Qc3+ Nd4+ 27. Kg1 d5 28. Rae1 Rxf1+ 29. Bxf1 Qf5 30. Bd3 Qf6 31. Qc1 Nf3+ 32. Kg2 Nxe1+ 33. Qxe1 Qf3+ 34. Kg1 Rf8 35. Qe5+ Qf6 36. Qc7+ Rf7 37. Qxc5 Qa1+ 38. Kg2 Qb2+ 39. Kg1 Qa1+ 40. Kg2 Qxa2+ 41. Bc2 Qb2 42. Kg1 Qc1+ 43. Kg2 Qf1# 0-1

[Event "GER-ch Net Amateur Gr-A Vor1"]
[Site "Playchess.com INT"]
[Date "2020.04.14"]
[Round "8"]
[White "Skoerys, Fabian"]
[Black "Jacob, Tobias"]
[Result "1-0"]
[WhiteElo "1588"]
[BlackElo "1917"]
[PlyCount "105"]
[EventDate "2020.04.14"]
[EventType "swiss (blitz)"]
[EventRounds "9"]
[EventCountry "GER"]
[SourceTitle "EXT 2021"]
[Source "ChessBase"]
[SourceDate "2020.10.23"]
[SourceVersion "1"]
[SourceVersionDate "2020.10.23"]
[SourceQuality "1"]

1. c4 Nf6 2. g3 g6 3. Bg2 Bg7 4. e3 d6 5. Ne2 0-0 6. Nbc3 Nc6 7. 0-0 Bd7 8. d4 a6 9. b3 Rb8 10. Bb2 b5 11. cxb5 axb5 12. Rc1 Na5 13. e4 b4 14. Nb1 e6 15. e5 Nd5 16. Bxd5 exd5 17. Nf4 dxe5 18. dxe5 c6 19. Nd2 Qe7 20. Re1 Rfd8 21. Qe2 Bf5 22. Nf3 c5 23. Nh4 Bc8 24. Nf3 c4 25. Bd4 Bg4 26. h3 Bf5 27. g4 Be4 28. Nd2 Bh6 29. Nxe4 Bxf4 30. Nf6+ Kg7 31. e6 Qxf6 32. Bxf6+ Kxf6 33. e7 Re8 34. bxc4 dxc4 35. Rxc4 Nxc4 36. Qxc4 g5 37. Qc6+ Kg7 38. Qe4 f6 39. Qc4 Rb7 40. Qc5 Bd2 41. Re2 Bc3 42. Re6 Rd7 43. Kg2 Rb7 44. a3 Kf7 45. Qd5 b3 46. Rb6+ Kg7 47. Rxb7 b2 48. Qc4 Be5 49. Qc6 h6 50. Qxe8 h5 51. Qf8+ Kh7 52. e8Q+ Bc7 53. Rxc7# 1-0

[Event "GER-ch Net blitz qual5"]
[Site "Playchess.com INT"]
[Date "2020.03.28"]
[Round "7"]
[White "Jacob, Tobias"]
[Black "Bennemann, Ingmar"]
[Result "1-0"]
[WhiteElo "1967"]
[BlackElo "2085"]
[PlyCount "47"]
[EventDate "2020.03.28"]
[EventType "swiss (blitz)"]
[EventRounds "13"]
[EventCountry "GER"]
[SourceTitle "CBM 195 Extra"]
[Source "ChessBase"]
[SourceDate "2020.05.31"]
[SourceVersion "1"]
[SourceVersionDate "2020.05.31"]
[SourceQuality "1"]

1. e4 Nf6 2. e5 Nd5 3. d4 d6 4. Nf3 Nc6 5. Nc3 Nxc3 6. bxc3 g6 7. Bf4 Bg7 8. exd6 cxd6 9. h3 Qa5 10. Bd2 Qa3 11. Bd3 0-0 12. 0-0 e5 13. d5 Ne7 14. c4 e4 15. Bxe4 Bxa1 16. Qxa1 f6 17. Nd4 Nf5 18. Nb5 Qc5 19. g4 Nh4 20. Be3 Qxc4 21. Nxd6 Qb4 22. Bf4 Bd7 23. Rb1 Qc5 24. Rxb7 1-0

[Event "GER-ch Net blitz qual5"]
[Site "Playchess.com INT"]
[Date "2020.03.28"]
[Round "9"]
[White "Jacob, Tobias"]
[Black "Kotyk, Michael"]
[Result "0-1"]
[WhiteElo "1967"]
[BlackElo "2013"]
[PlyCount "132"]
[EventDate "2020.03.28"]
[EventType "swiss (blitz)"]
[EventRounds "13"]
[EventCountry "GER"]
[SourceTitle "CBM 195 Extra"]
[Source "ChessBase"]
[SourceDate "2020.05.31"]
[SourceVersion "1"]
[SourceVersionDate "2020.05.31"]
[SourceQuality "1"]

1. e4 c5 2. Nf3 Nc6 3. d4 cxd4 4. Nxd4 Nf6 5. Nc3 e5 6. Ndb5 h6 7. Be2 a6 8. Nd6+ Bxd6 9. Qxd6 Qe7 10. Qxe7+ Kxe7 11. Be3 d6 12. 0-0-0 Be6 13. Nd5+ Bxd5 14. exd5 Nb8 15. f4 Nbd7 16. Rhe1 Rac8 17. Kb1 b5 18. fxe5 Nxe5 19. Bd4 Nfd7 20. a4 bxa4 21. Bxa6 Rb8 22. Rd3 f6 23. Ra3 Rb4 24. c3 Rb3 25. Rxa4 Rhb8 26. Re2 Nb6 27. Ra5 Nbc4 28. Bxc4 Rxb2+ 29. Kc1 Rb1+ 30. Kd2 R8b2+ 31. Ke3 Nxc4+ 32. Kf3+ Rxe2 33. Ra7+ Kf8 34. Kxe2 Nb6 35. Bxb6 Rxb6 36. Ra2 Kf7 37. Kd3 f5 38. c4 Kf6 39. Kd4 Rb1 40. Re2 Rb6 41. h4 f4 42. Rf2 Kf5 43. g3 g5 44. hxg5 hxg5 45. gxf4 gxf4 46. Rh2 Kg4 47. Rh6 f3 48. Rg6+ Kf4 49. Rf6+ Kg3 50. Ke4 f2 51. Rg6+ Kh3 52. Rf6 Kg2 53. Rg6+ Kf1 54. c5 Rb4+ 55. Kf3 dxc5 56. Rh6 Ke1 57. Re6+ Kf1 58. Ra6 Rb3+ 59. Ke4 Kg1 60. Rg6+ Kh2 61. Rf6 Kg2 62. Rg6+ Rg3 63. Rf6 f1Q 64. Rxf1 Kxf1 65. d6 c4 66. d7 Rd3 0-1

[Event "GER-ch Net blitz qual5"]
[Site "Playchess.com INT"]
[Date "2020.03.28"]
[Round "13"]
[White "Jacob, Tobias"]
[Black "Perestjuk, Marko"]
[Result "1/2-1/2"]
[WhiteElo "1967"]
[BlackElo "2126"]
[PlyCount "125"]
[EventDate "2020.03.28"]
[EventType "swiss (blitz)"]
[EventRounds "13"]
[EventCountry "GER"]
[SourceTitle "CBM 195 Extra"]
[Source "ChessBase"]
[SourceDate "2020.05.31"]
[SourceVersion "1"]
[SourceVersionDate "2020.05.31"]
[SourceQuality "1"]

1. e4 c5 2. Nf3 d6 3. d4 cxd4 4. Nxd4 Nf6 5. Nc3 g6 6. Be3 Bg7 7. f3 0-0 8. Qd2 Nc6 9. 0-0-0 Nxd4 10. Bxd4 Be6 11. g4 Qa5 12. Kb1 Rfc8 13. a3 Rab8 14. Nd5 Qxd2 15. Rxd2 Nxd5 16. exd5 Bxd5 17. Be2 Bxd4 18. Rxd4 Be6 19. h4 Rc5 20. h5 Rbc8 21. Bd3 Bc4 22. hxg6 hxg6 23. b4 R5c7 24. Be4 d5 25. Bxd5 Bxd5 26. Rxd5 Rxc2 27. Rd8+ Rxd8 28. Kxc2 f6 29. Re1 Kf7 30. Kc3 e5 31. Re4 Rd1 32. Kc2 Rf1 33. Re3 Ke6 34. Rc3 f5 35. gxf5+ gxf5 36. Kd2 a6 37. Ke2 Ra1 38. Rc7 Rxa3 39. Rxb7 Kd5 40. b5 Ra2+ 41. Ke3 Ra3+ 42. Ke2 axb5 43. Rxb5+ Kd4 44. Rb4+ Kc5 45. Rb8 Ra2+ 46. Ke3 f4+ 47. Ke4 Re2+ 48. Kf5 Kd4 49. Rd8+ Ke3 50. Kxe5 Kxf3+ 51. Kf5 Kg3 52. Rg8+ Kf3 53. Rb8 Re3 54. Rb2 Kg3 55. Rb4 f3 56. Rg4+ Kf2 57. Rf4 Ra3 58. Kg4 Ke2 59. Kg3 f2+ 60. Kg2 Re3 61. Rxf2+ Ke1 62. Rf3 Rxf3 63. Kxf3 1/2-1/2

[Event "GER-ch Net blitz qual5"]
[Site "Playchess.com INT"]
[Date "2020.03.28"]
[Round "3"]
[White "Jacob, Tobias"]
[Black "Prill, Daniel"]
[Result "0-1"]
[WhiteElo "1967"]
[BlackElo "2214"]
[PlyCount "78"]
[EventDate "2020.03.28"]
[EventType "swiss (blitz)"]
[EventRounds "13"]
[EventCountry "GER"]
[SourceTitle "CBM 195 Extra"]
[Source "ChessBase"]
[SourceDate "2020.05.31"]
[SourceVersion "1"]
[SourceVersionDate "2020.05.31"]
[SourceQuality "1"]

1. e4 c6 2. d4 d5 3. exd5 cxd5 4. Bd3 Nf6 5. Bf4 Nc6 6. c3 e6 7. Nf3 Bd6 8. Qc1 Qc7 9. Bg5 Bd7 10. 0-0 Rc8 11. Nbd2 Ng4 12. g3 h6 13. Be3 f5 14. Nb3 g5 15. Re1 f4 16. Bd2 0-0 17. Qc2 fxg3 18. fxg3 Rxf3 19. Be2 Rf6 20. Bxg4 Bxg3 21. Rf1 Bxh2+ 22. Kh1 Rcf8 23. Rxf6 Rxf6 24. Bxg5 hxg5 25. Qxh2 Qxh2+ 26. Kxh2 Rf2+ 27. Kg3 Rxb2 28. Nc5 Bc8 29. Rf1 Rc2 30. Rf3 Nd8 31. a4 b6 32. Nd3 Rxc3 33. Bh3 Ba6 34. Bf1 Kg7 35. Kg4 Bxd3 36. Bxd3 Nc6 37. Kxg5 Nxd4 38. Rg3 e5 39. Kh5+ Kf8 0-1